Business information systems / (Record no. 5763)
[ view plain ]
| 000 -LEADER | |
|---|---|
| fixed length control field | 01043cam a22002892 4500 |
| 001 - CONTROL NUMBER | |
| control field | 0000002285 |
| 005 - DATE AND TIME OF LATEST TRANSACTION | |
| control field | 20151217151847.0 |
| 008 - FIXED-LENGTH DATA ELEMENTS--GENERAL INFORMATION | |
| fixed length control field | 070405s xx 000 0 eng d |
| 020 ## - INTERNATIONAL STANDARD BOOK NUMBER | |
| International Standard Book Number | 0130829609 : |
| Terms of availability | KES 5,125 |
| 040 ## - CATALOGING SOURCE | |
| Original cataloging agency | KABU |
| Transcribing agency | KABU |
| 050 #0 - LIBRARY OF CONGRESS CALL NUMBER | |
| Classification number | HF5548.2 |
| Item number | .C55 2000 |
| 100 1# - MAIN ENTRY--PERSONAL NAME | |
| Personal name | Clifton, Harold Dennis, |
| Dates associated with a name | 1927-. |
| -- | 0000151609 |
| 245 10 - TITLE STATEMENT | |
| Title | Business information systems / |
| Statement of responsibility, etc. | H. D. Clifton, D. C. Ince, A. G. Sutcliffe. |
| 250 ## - EDITION STATEMENT | |
| Edition statement | 6th ed. |
| 260 ## - PUBLICATION, DISTRIBUTION, ETC. (IMPRINT) | |
| Place of publication, distribution, etc. | New York : |
| Name of publisher, distributor, etc. | Financial Times Prentices Hall, |
| Date of publication, distribution, etc. | 2000. |
| 300 ## - PHYSICAL DESCRIPTION | |
| Extent | xiii, 461 p. ; |
| Dimensions | 25 cm. |
| 504 ## - BIBLIOGRAPHY, ETC. NOTE | |
| Bibliography, etc | Includes bibliographical references and index. |
| 650 #0 - SUBJECT ADDED ENTRY--TOPICAL TERM | |
| Topical term or geographic name as entry element | Business |
| General subdivision | Data processing. |
| -- | 0000151604 |
| 650 #0 - SUBJECT ADDED ENTRY--TOPICAL TERM | |
| Topical term or geographic name as entry element | Systems analysis. |
| -- | 0000148449 |
| 700 1# - ADDED ENTRY--PERSONAL NAME | |
| Personal name | Ince, D. C. |
| -- | 0000151610 |
| 700 1# - ADDED ENTRY--PERSONAL NAME | |
| Personal name | Sutcliffe, Alistair, |
| Dates associated with a name | 1951-. |
| -- | 0000151611 |
| 908 ## - PUT COMMAND PARAMETER (RLIN) | |
| Put command parameter | 070405 |
| 950 ## - LOCAL HOLDINGS (RLIN) | |
| -- | 1 |
| Withdrawn status | Lost status | Source of classification or shelving scheme | Not for loan | Home library | Current library | Date acquired | Total Checkouts | Full call number | Barcode | Date last seen | Price effective from | Koha item type | Total Renewals | Date last checked out |
|---|---|---|---|---|---|---|---|---|---|---|---|---|---|---|
| Library of Congress Classification | Kabarak, Main Campus | Kabarak, Main Campus | 17/12/2015 | HF5548.2 .C55 2000 | 003613 | 02/08/2024 | 17/12/2015 | General Collection | ||||||
| Library of Congress Classification | Kabarak, Main Campus | Kabarak, Main Campus | 17/12/2015 | HF5548.2 .C55 2000 | 003614 | 02/08/2024 | 17/12/2015 | General Collection | ||||||
| Library of Congress Classification | Kabarak, Main Campus | Kabarak, Main Campus | 17/12/2015 | 1 | HF5548.2 .C55 2000 | 003615 | 02/08/2024 | 17/12/2015 | General Collection | 1 | 30/10/2019 |